Quantitative aspects of psychological assessment: an introducation (Record no. 123)
[ view plain ]
| 000 -LEADER | |
|---|---|
| fixed length control field | 00436nam a2200157Ia 4500 |
| 020 ## - INTERNATIONAL STANDARD BOOK NUMBER | |
| ISBN | 0-7156-06018 |
| 082 ## - DEWEY DECIMAL CLASSIFICATION NUMBER | |
| Classification number | 519.502415 LEY-Q |
| 100 ## - MAIN ENTRY--AUTHOR NAME | |
| Personal name | Ley, P; |
| 245 #0 - TITLE STATEMENT | |
| Title | Quantitative aspects of psychological assessment: an introducation |
| 260 ## - PUBLICATION, DISTRIBUTION, ETC. (IMPRINT) | |
| Place of publication | London |
| Name of publisher | Gerald Duckworth |
| Year of publication | 1972 |
| 300 ## - PHYSICAL DESCRIPTION | |
| Number of Pages | 180p. |
| 504 ## - BIBLIOGRAPHY, ETC. NOTE | |
| Bibliography, etc | Includes index |
| 650 ## - SUBJECT ADDED ENTRY--TOPICAL TERM | |
| Topical Term | Psychometrics - Data Processing |
| 650 ## - SUBJECT ADDED ENTRY--TOPICAL TERM | |
| Topical Term | Psychology - Mathematical Models |
| 942 ## - ADDED ENTRY ELEMENTS (KOHA) | |
| Koha item type | Books |
| Withdrawn status | Lost status | Damaged status | Not for loan | Home library | Current library | Date acquired | Full call number | Accession Number | Price effective from | Koha item type |
|---|---|---|---|---|---|---|---|---|---|---|
| NASSDOC Library | NASSDOC Library | 08/06/2004 | 519.502415 LEY-Q | 4737 | 18/04/2019 | Books |
